|
|
|
|
| LEADER |
00000nab a2200000 ar4500 |
| 001 |
vtls010332453 |
| 003 |
SK-MaSNL |
| 005 |
20260303091351.0 |
| 008 |
111229c2011 xo wr|p|||||||000 b|slo |
| 038 |
|
|
|a PPPK
|
| 040 |
|
|
|a PPPKCL
|b slo
|c PPPKCL
|e AACR2
|
| 041 |
0 |
|
|a slo
|
| 044 |
|
|
|a xo
|c SK
|
| 080 |
|
|
|a 798.2
|x (437.6)
|2 2001
|
| 245 |
0 |
0 |
|a Kežmarským jazdcom sa uplynulá sezóna vydarila
|c [text a foto] (bšl)
|
| 300 |
|
|
|b Fotogr.
|
| 610 |
2 |
7 |
|a JO MŠK Ranč Čajka (Kežmarok, Slovensko)
|2 pppkcl
|9 1095085
|
| 650 |
0 |
7 |
|a jazdectvo
|2 pppkcl
|9 3225
|
| 651 |
|
7 |
|a Kežmarok (Slovensko)
|2 pppkcl
|9 26808
|
| 773 |
0 |
|
|t Podtatranské noviny
|g Roč. LII, č. 50-51 (2011), s. 7
|x 1210-2423
|
| 852 |
|
|
|a PPPK
|b KIS3GCP
|
| 999 |
|
|
|c 1807260
|d 1809190
|